Rozpočtová kapitola MF SR - aktuálne ekonomicko-finančné otázky diplomová práca

Salvato in:
Dettagli Bibliografici
Autore principale: Uher, Martin
Ente Autore: Národohospodárska fakulta EU. Katedra financií
Altri autori: Beličková, Kornélia, 1966-
Natura: Libro
Lingua:slovacco
Pubblicazione: Bratislava 2010
Tags: Aggiungi Tag
Nessun Tag, puoi essere il primo ad aggiungerne!!

MARC

LEADER 00000nam$a2200000$$$4500
001 0119082
005 20240318123410.3
041 0 |a slo 
044 |a SK 
245 1 0 |a Rozpočtová kapitola MF SR - aktuálne ekonomicko-finančné otázky  |b diplomová práca  |c Martin Uher ; škol. Kornélia Beličková 
264 1 |a Bratislava  |c 2010 
300 |a 76 s. 
100 1 |a Uher, Martin 
700 1 |a Beličková, Kornélia, 1966- 
710 2 |a Národohospodárska fakulta EU. Katedra financií